000 00695nam a2200265Ia 4500
005 20260121165659.0
008 008 260114s9999 xx 000 0 eng d
020 _a9783319290829
037 _aEBOOK
040 _aCRL
040 _beng
040 _cCRL
041 _2eng
041 _aeng
084 _qCRL
100 _aBeatriz Caiuby Labate, Clancy Cavnar, Thiago Rodrigues
_91054726
245 0 _aDrug Policies and the Politics of Drugs in the Americas
260 _bSpringer
260 _bSpringer
260 _c2016
856 _uhttps://link.springer.com/openurl?genre=book&isbn=978-3-319-29082-9
942 _cEBOOK
999 _c1620453
_d1620453